Представление документа в формате RUSMARC

ПолеНазваниеЗначение
  Тип записи a
  Библиографический уровень m
001 Контрольный номер 8c955f47e52b495e9b69899cec4a81bd
005 Дата корректировки 20141125121523.2
101 Язык документа 0_
a Язык текста rus
102 Страна публикации __
a Страна публикации RU
200 Заглавие и сведения об ответственности 1_
a Заглавие Управление человеческими ресурсами: Теория и практика
e Сведения, относящиеся к заглавию Учебник для вузов
e Сведения, относящиеся к заглавию В.Р. Веснин
210 Выходные данные 1_
a Место издания М.
c Издательство Проспект
d Дата издания 2014
215 Физическое описание __
a Объем 688с.
610 Ключевые слова 0_
a Ключевые слова Менеджмент, Управление персоналом
686 Индексы других классификаций __
a Классификационный индекс 65.291.6-21
700 Автор _1
a Фамилия Веснин
b Имя В.Р.
801 Источник записи _0
a Страна RU
b Организация РУК
g Правила каталогизации PSBO
801 Источник записи _1
a Страна RU
b Организация РУК
g Правила каталогизации PSBO
852 Данные о местонахождении __
i Авторский знак В 38
j Шифр хранения 65.291.6-21
901 Тип документа __
t Тип документа m
937 Технологическая информация __
a Создатель записи (имя) Попова
938 Служебная информация __
a Название организации Мурманский филиал
952 Тип литературы __
c Вид литературы учебник